000 00459nam a2200157 4500
001 121859
003 ES-MaACL
005 20230906191839.0
007 t|
008 070214s1948 sp r ||||1| spa d
100 1 _aPortuondo Velázquez-Duro, María.
_993305
245 1 0 _aPétalos /
_cMaría Portuondo Velázquez-Duro.
260 _aMadrid :
_b[s.n.],
_c1948 (
_fImp. Soler Hermanos)
300 _a58 p. ;
_c21 cm.
852 _aES-MaACL
_j1881-F-3
_bR.25705
999 _c121859
_d121859